00305nam a2200133Ia 45000030006000000080041000060400015000471000016000622450024000782600036001023000006001385460010001440050017001540STCL150530s9999 xx 000 0 und d aSTCLcSTCL aSumit Iyyer aMein Tum Aur Jungle bIndraPrastha Prakashanc1955aH a0 aHindi20220125171212.0